00548 2200217 4500001002100000005001700021008004100038035002400079082001000103090001700113100001400130245006100144250001100205260003000216300002600246650001100272850001500283980001100298985000600309999001500315YOGYA-0209000001358220090227022334.0 ind  0010-020900000013582 a133/4 a133.4bIdr M aIDRUS H.A aMenyingakap misteri alam melalui ilmu hongsuicIdrus H.A aCet. 1 aPekalonganbBahagiac1994 a100, hlmbIlusc21 cm aMistik aYOPDYOG(B) a050705 a1 a96P0077864